000 00298nam a2200109Ia 4500
008 200302s9999 xx 000 0 und d
100 _aGeoffrey Broadbent
245 _aDesign in Architecture architecure and the human sciences
260 _bJohn Willey and Sons Inc.
260 _c1973
300 _a504
999 _c7255
_d7255